333 tipů a triků pro digitální fotografie /

Hlavní autor: Myška, Miroslav, 1946-
Jazyk: Čeština
Vydáno: Brno : Computer Press, 2009
Vydání: Vyd. 1.
Témata:
Externí odkaz: Digitalizovaný dokument
Fyzický popis: 224 s. : il. (některé barev.) ; 23 cm
Knihy
Uloženo v:
LEADER 01856nam a2200493 a 4500
001 nkc20092009626
003 CZ PrNK
005 20241121154528.0
007 ta
008 091105s2009 xr a e f 001 0 cze
015 |a cnb002009626 
020 |a 978-80-251-2210-5  |q (brož.) 
035 |a (OCoLC)500013403 
040 |a OLA001  |b cze 
072 7 |a 77  |x Fotografie. Fotografické postupy  |2 Konspekt  |9 21 
080 |a 77.089:004.932  |2 MRF 
080 |a 77  |2 MRF 
080 |a 77.02  |2 MRF 
080 |a (035)  |2 MRF 
100 1 |a Myška, Miroslav,  |d 1946-  |7 ola200206298  |4 aut 
245 1 0 |a 333 tipů a triků pro digitální fotografie /  |c Miroslav Myška 
246 3 |a Tři sta třicet tři tipů a triků pro digitální fotografie 
246 3 0 |a Digitální fotografie 
250 |a Vyd. 1. 
260 |a Brno :  |b Computer Press,  |c 2009 
300 |a 224 s. :  |b il. (některé barev.) ;  |c 23 cm 
500 |a Obsahuje rejstřík 
500 |a V r. 2012 dotisk 
650 0 7 |a digitální fotografie  |7 ph119455  |2 czenas 
650 0 7 |a fotografování  |7 ph120331  |2 czenas 
650 0 7 |a fotografické techniky  |7 ph200830  |2 czenas 
650 0 9 |a digital photography  |2 eczenas 
650 0 9 |a photography  |2 eczenas 
650 0 9 |a photographic techniques  |2 eczenas 
655 7 |a příručky  |7 fd133209  |2 czenas 
655 9 |a handbooks and manuals  |2 eczenas 
856 4 1 |u http://www.digitalniknihovna.cz/mzk/uuid/uuid:cb1c0630-17ad-11e4-8e0d-005056827e51  |y Digitalizovaný dokument  |x NDK 
910 2 |a BOA001  |b 2-1232.594 
928 9 |a Albatros Media - Computer Press 
990 |a BK 
995 |a 01 
991 |b 200912  |c NOV  |j 004.932 MYŠ 
996 6 |b 2610396115  |c 2-1232.594  |l MZK  |r Sklad / do 1 hodiny  |n 0  |p p.v.  |w 000975613  |u 000010  |a 1  |e BOA001  |j MZK50  |s P 
996 7 |b 2610396116  |c 2-1232.594  |l Vol.výběr  |r VV 1p  |n 49  |p p.v.  |h 77 MYŠ  |w 000975613  |u 000020  |a 0  |e BOA001  |j MZK50  |s A